000 00723cam a22002291 4500
001 sa 64000301
003 DLC
005 20260227111955.0
008 790305s1956 pk b 000 0 eng
010 _asa 64000301
035 _a(OCoLC)4711194
040 _aDLC
_cIEdS
_dIEdS
_dOCoLC
_dDLC
042 _apremarc
050 0 0 _aKPL1750
_b.N39 1956
100 1 _aNewman, Karl J.
_q(Karl John)
245 0 0 _aEssays on the Constitution of Pakistan,
_bincluding the draft and final constitutions of Pakistan with comments.
250 _a[1st ed.]
260 _aDacca,
_bPakistan Co-operative Book Society
_c[1956]
300 _a395 p.
_c23 cm.
504 _aIncludes bibliography.
650 0 _aConstitutional law
_zPakistan.
999 _c56142
_d56142